How to start an NGO in India : (Record no. 123121)
[ view plain ]
| 000 -LEADER | |
|---|---|
| fixed length control field | 00869nam a22002537a 4500 |
| 005 - DATE AND TIME OF LATEST TRANSACTION | |
| control field | 20170124105920.0 |
| 010 ## - LIBRARY OF CONGRESS CONTROL NUMBER | |
| LC control number | B-505418 |
| 020 ## - INTERNATIONAL STANDARD BOOK NUMBER | |
| Terms of availability | 875.00 |
| International Standard Book Number | 9789380731759 |
| 035 ## - SYSTEM CONTROL NUMBER | |
| System control number | B-505418 |
| 037 ## - SOURCE OF ACQUISITION | |
| Source of stock number/acquisition | Cen Lib/Ret |
| 040 ## - CATALOGING SOURCE | |
| Original cataloging agency | DPL |
| Language of cataloging | EN |
| 082 ## - DEWEY DECIMAL CLASSIFICATION NUMBER | |
| Classification number | 361.770954 |
| 100 ## - MAIN ENTRY--PERSONAL NAME | |
| Personal name | Reddy,S.K. |
| 9 (RLIN) | 4238 |
| 245 ## - TITLE STATEMENT | |
| Title | How to start an NGO in India : |
| Statement of responsibility, etc | by S.K.Reddy |
| Remainder of title | Problems and perspective / |
| 260 ## - PUBLICATION, DISTRIBUTION, ETC. (IMPRINT) | |
| Place of publication, distribution, etc | Delhi |
| Name of publisher, distributor, etc | Navyug books international |
| Date of publication, distribution, etc | 2012 |
| 270 ## - ADDRESS | |
| Address | L-21/1,street no. 5 Shivaji marg near Kali mandir west Ghonda |
| City | Delhi |
| Postal code | 110053 |
| 300 ## - PHYSICAL DESCRIPTION | |
| Extent | vi,280p. |
| Dimensions | 21cm(Hb) |
| 500 ## - GENERAL NOTE | |
| General note | Includes index |
| 650 ## - SUBJECT ADDED ENTRY--TOPICAL TERM | |
| Topical term or geographic name as entry element | Organisation -India |
| 9 (RLIN) | 4239 |
| 650 ## - SUBJECT ADDED ENTRY--TOPICAL TERM | |
| Topical term or geographic name as entry element | NGO,s future |
| 9 (RLIN) | 4240 |
| 650 ## - SUBJECT ADDED ENTRY--TOPICAL TERM | |
| Topical term or geographic name as entry element | संगठन भारत |
| 9 (RLIN) | 4241 |
| 650 ## - SUBJECT ADDED ENTRY--TOPICAL TERM | |
| Topical term or geographic name as entry element | गैर सरकारी संगठन, भविष्य |
| 9 (RLIN) | 4242 |
| 942 ## - ADDED ENTRY ELEMENTS (KOHA) | |
| Source of classification or shelving scheme | Dewey Decimal Classification |
| Koha item type | English Books |
| Classification part | 361.770954 |
| Call number suffix | RED |
No items available.
